000 01247nam a2200205Ia 4500
008 220216s9999 xx 000 0 und d
100 _aThomas K T
245 0 _aVariability in quality and molecular breakdown behaviour of skim rubber
260 _bIndian Journal of Natural Rubber Research
_c1997
300 _a53-60
520 _aSkim rubber samples from four processing units were analysed for raw rubber properties. Mplecular breakdown characteristics were studied using a torque rheometer. Both skim crepe and skim block were employed for the studies. Skim rubber showed higher level of inconsistency in raw rubber properties, except for Wallace plasticity. Plasticity of skim rubber was found to be the major factor influencing energy consumption during initial breakdown. The rate of breakdown of skim blocks was higher than that of skim crepe. Plasticity retention index was found to be inversely related to the initial rate of breakdown. The effect of peptiser was found to be less in skim rubber compared to ISNR 5.
650 _aMolecular breakdown
650 _aRaw rubber properties
650 _aSkim rubber
650 _aTorque
650 _aTotalised torque
700 _aJacob J
700 _aMathew N M
942 _cJS
999 _c72086
_d72086